Statistics for Most Northern Country Per Letter Of The Alphabet

Click here to take the quiz!

General Stats

  • This quiz has been taken 61 times
    (57 since last reset)
  • The average score is 22 of 24

Answer Stats

LetterAnswer% Correct
DDenmark
100%
FFinland
100%
IIceland
100%
CCanada
98%
SSweden
98%
RRussia
98%
LLatvia
98%
BBelarus
98%
NNorway
98%
EEstonia
96%
ZZambia
94%
QQatar
94%
GGermany
94%
YYemen
94%
MMongolia
92%
PPoland
92%
OOman
92%
JJapan
92%
HHungary
92%
UUSA
90%
AAustria
88%
TTurkmenistan
83%
KKazakhstan
81%
VVatican City
81%

Score Distribution

Percentile by Number Answered

Percent of People with Each Score

Your Score History

You have not taken this quiz since the last reset